00577nam a22001097a 4500040000800000082002700008100005000035245024500085260002700330300002300357856008700380 cRUA aAGR VOR 2017 B635 Or.1 aVORN SOPHORS វ៉ន សុភ័ស្ត acomparison of different rates of cow manure on green mustard ( Brassica juncea) ការប្រៀបធៀបជីលាមកគោក្នុងកម្រិតផ្សេងៗគ្នលើដំណាំស្ពៃខៀវ  aRUAbphnom penh c2017 aix;37pbill;c29cm uhttps://drive.google.com/file/d/11gvwePRHMLj4b7eE46rJd9M7Ipn2h6P2/view?usp=sharing